000 00360nam a22001697a 4500
003 SGT
020 _a9780340564417
082 _a617.51
_bD22L
100 _aLUDMAN, HAROLD
245 _aDISEASES OF THE EAR
250 _a6TH
260 _aLONDON
_bARNOLD PUB
_c1998
300 _a577
650 _aENT
653 _aDISEASES OF THE EAR
942 _2ddc
_cBK
999 _c23331
_d23331